| 000 | 01206cam a22002895a 4500 | ||
|---|---|---|---|
| 001 | L145339 | ||
| 002 | 17476 | ||
| 008 | 080930s2008 xxkd f 001 0 eng d | ||
| 020 | _a9781904829812 | ||
| 035 | _a(Sirsi) u145339 | ||
| 041 | 0 | _aeng | |
| 050 | 0 | 4 | _a692.5 $2 18 |
| 110 | 1 |
_aBuilding Cost Information Service _91096 |
|
| 245 | 0 | 0 |
_aWessex comprehensive building price book _bmajor works, 2009 |
| 250 | _a26th ed. | ||
| 260 |
_aLondon _bBCIS _c2008 |
||
| 300 |
_a1 _fv. _c30cm. |
||
| 520 | _aGives unit rates compiled from over 500 000 price elements. Each unit rate and element has been updated and new materials and specifications have been incorporated where applicable and includes the latest amendments to professional information, average building prices, town and country planning regulations fees for applications, building regulations prescribed fees etc. and costs limits and allowances. | ||
| 520 | _aSupersedes 25th ed. (ISBN 9781904829591). | ||
| 520 | _aSuperseded by 27th edition (ISBN 9781904829935). | ||
| 521 | _aAdvanced | ||
| 590 | _aKA | ||
| 651 | 4 |
_aUnited Kingdom _y |
|
| 690 | _aBUILT ENVIRONMENT-BUILDING COSTS | ||
| 700 | 1 |
_aBarnett, N.P. _eEditor |
|
| 942 | _n0 | ||
| 999 |
_c108764 _d108764 |
||